000 00596nam a2200193 a 4500
005 20230527063622.0
008 060509s2003 es r 000 0 spa d
020 _a8425338158
035 _aUPN01000144313
049 _aCG
050 4 _aBF637 C5
_bS5.4
100 1 _aSharma, Robin S.,
_d1964-
245 1 0 _aLecciones sobre la vida del monje que vendió su ferrari /
_cRobin S. Sharma ; tr. Ana Quijada.
260 _aBarcelona, Esp. :
_bGrijalbo,
_c2003.
300 _a222 p.
534 _pTítulo original:
_tWho will cry when you die
650 4 _aConducta de vida
_94416
905 _aLibro
999 _c116460
_d116460